Public enterprise and economic development
Saved in:
| Hovedforfatter: | |
|---|---|
| Format: | Bog |
| Sprog: | engelsk |
| Udgivet: |
Londres
Routledge & Kegan Paul
1959
|
| Fag: | |
| Tags: |
Tilføj Tag
Ingen Tags, Vær først til at tagge denne postø!
|
MARC
| LEADER | 00000nam a2200000 a 4500 | ||
|---|---|---|---|
| 001 | UCQ1202 | ||
| 003 | CL-VaPUC | ||
| 008 | 980709e19590000UK |||||||||||||||||eng|d | ||
| 082 | 0 | 4 | |a 338.9 |b HAN |2 21 |
| 100 | |a Hanson, A. H |e author |9 416069 | ||
| 245 | 1 | 0 | |a Public enterprise and economic development |
| 300 | |a 485 p | ||
| 942 | |c BK | ||
| 945 | |d 19980709 00:00:00 |a crobeson | ||
| 260 | |a Londres |b Routledge & Kegan Paul |c 1959 | ||
| 650 | 0 | |a Sector público |9 349431 | |
| 650 | 0 | |a Desarrollo económico y social |9 256320 | |
| 650 | 0 | |a Crecimiento económico |9 314037 | |
| 650 | 7 | |a CONTROL FINANCIERO |2 CL-VaPUC |9 336644 | |
| 650 | 0 | |a Desarrollo industrial |9 322675 | |
| 583 | |a last modification |c 19980709 00:00:00 |k Rodrigo Vera | ||
| 999 | |c 272206 |d 272204 | ||